=LDR 00000nam 2200000 4500 =001 NUTBA000000000005399 =005 20200309125917 =035 ##$$a 0010-101400000000629 =008 200309################g##########0#ind## =020 ##$$a 978-602-1579-02-5 =040 ##$$a NBPDMAT =090 ##$$a 297.266 $b Wak s =100 ##$$a Wakit Prabowo =245 1#$$a Sehari bersama Nabi : $b Mengulik kebiasaan sehari - hari Rasulullah secara medis /$c Wakit Prabowo; Editor, Rose Kusumaning Ratri =260 ##$$a Yogyakarta :$b Katahati,$c 2013 =300 ##$$a 180 hlm. ; $c 20 x 13 cm. =500 ##$$a Bibliografi : hlm. 321 - 325 =650 #4$$a Islam dan Kesehatan =850 ##$$a NBPDMAT =082 ##$$a 297.266 =084 ##$$a 297.266 WAK s =250 ##$$a Cet. 1 =700 #$$a Rose Kusumaning Ratri =990 ##$$a 21415442 =990 ##$$a 21415443 =990 ##$$a 21415444 =990 ##$$a 21415445